A Tisza-tó térség turizmusának fejlesztése

Bibliográfiai részletek
Szerző: Matina Ervin Marcell
További közreműködők: Hanusz Dr. Árpád
Dokumentumtípus: Diplomadolgozat
Kulcsszavak:21. század
ábrák
falusi turizmus
ökoturizmus
településfejlesztés
termékfejlesztés
turisztika
turisztikai desztináció
turizmus
turizmusfejlesztés
Online Access:http://dolgozattar.uni-bge.hu/59798

MARC

LEADER 00000nta a2200000 i 4500
001 dolg59798
005 20260409145558.0
008 260409suuuu hu om 000 hun d
040 |a BGE Dolgozattár Repozitórium  |b hun 
041 |a hu 
100 1 |a Matina Ervin Marcell 
245 1 2 |a A Tisza-tó térség turizmusának fejlesztése  |c Matina Ervin Marcell  |h [elektronikus dokumentum] 
520 3 |a A térség folyamatos előrehaladása elengedhetetlen a versenyképesség szempontjából. Az utóbbi évben kiemelt fejlesztési térséggé lett nyilvánítva a Tisza-tó régió, mely azt bizonyítja hogy kihasználatlan, nagy potenciával rendelkező területről beszélünk, továbbá a téma aktualitását is jól reprezentálja, mivel egy jelentős kormányi döntés lett meghozva 2024-ben a térséghez kapcsolódóan. Mivel csak 50 éves múlttal rendelkezik a Tisza-tó, ezért a társadalmi és a turisztikai fejlettség párhuzamos fejlődése nem következett be. Turisztikai szempontból egy évről évre dinamikusan fejlődő térségről beszélhetünk, de a szolgáltatások színvonala és száma nincs összhangban a 21.század igényeivel. Felmerül kérdésként, hogy milyen mértékű fejlettség a cél, lehet-e a Tisza-tó Kelet-Magyarország „Balatonja”, vagy egyáltalán ez e a cél? A szakdolgozat célja, hogy feltárja a térségben szereplő problémákat, kihívásokat, majd meghatározásra kerüljenek ezekre a megoldási javaslatok. Fő szempontok közé tartozik a fenntarthatóság, a harmonikus fejlesztések, beruházások kivitelezése és a szoros gazdasági és társadalmi együttműködés, mind civil szinten, mind önkormányzati és állami szinten. 
695 |a 21. század 
695 |a ábrák 
695 |a falusi turizmus 
695 |a ökoturizmus 
695 |a településfejlesztés 
695 |a termékfejlesztés 
695 |a turisztika 
695 |a turisztikai desztináció 
695 |a turizmus 
695 |a turizmusfejlesztés 
700 1 |a Hanusz Dr. Árpád  |e ths 
856 4 0 |u http://dolgozattar.uni-bge.hu/59798/1/A%20TISZA%20T%C3%93%20TURIZMUS%C3%81NAK%20FEJLESZT%C3%89SE.pdf  |z Dokumentum-elérés 
856 4 0 |u http://dolgozattar.uni-bge.hu/59798/2/MATINA_E_OPPONENSI.pdf  |z Dokumentum-elérés 
856 4 0 |u http://dolgozattar.uni-bge.hu/59798/3/4%20MATINA%20ERVIN%20MARCEL.pdf  |z Dokumentum-elérés